2016 PDC Players Championships Participants - Statistics

General Stats
  • This quiz has been taken 10 times
    7 since last reset
  • The average score is 47 of 64
Answer Stats
Hint Answer % Correct
England Alan Norris
100%
Netherlands Benito Van De Pas
100%
Spain Cristo Reyes
100%
England Darren Webster
100%
Northern Ireland Daryl Gurney
100%
England Dave Chisnall
100%
South Africa Devon Petersen
100%
Scotland Gary Anderson
100%
Wales Gerwyn Price
100%
England Joe Cullen
100%
Scotland John Henderson
100%
Belgium Kim Huybrechts
100%
Wales Mark Webster
100%
Austria Mensur Suljovic
100%
England Mervyn King
100%
England Michael Smith
100%
Netherlands Michael Van Gerwen
100%
Scotland Peter Wright
100%
Netherlands Raymond Van Barneveld
100%
Scotland Robert Thornton
100%
Belgium Ronny Huybrechts
100%
Austria Rowby-John Rodriguez
100%
Australia Simon Whitlock
100%
England Stephen Bunting
100%
England Steve Beaton
100%
Netherlands Vincent Van Der Voort
100%
England Adrian Lewis
80%
England Andy Jenkins
80%
Netherlands Christian Kist
80%
Belgium Dimitri Van Den Bergh
80%
England James Wade
80%
Wales Jamie Lewis
80%
Netherlands Jan Dekker
80%
Netherlands Jelle Klaasen
80%
Netherlands Jermaine Wattimena
80%
Wales Jonny Clayton
80%
England Josh Payne
80%
England Keegan Brown
80%
Northern Ireland Michael Mansell
80%
Republic of Ireland Mick McGowan
80%
England Ricky Evans
80%
England Steve Brown
80%
England Terry Jenkins
80%
England Chris Dobey
60%
England Joe Murnan
60%
England Justin Pipe
60%
England Steve West
60%
England Andy Hamilton
40%
Northern Ireland Brendan Dolan
40%
England Ian White
40%
England James Wilson
40%
England Jamie Caven
40%
England Jason Wilson
40%
England Robbie Green
40%
Netherlands Ron Meulenkamp
40%
England Ronnie Baxter
40%
England Andrew Gilding
20%
Netherlands Jeffrey De Graaf
20%
England Kevin Painter
20%
England Mark Walsh
20%
England Simon Stevenson
20%
Netherlands Vincent Kamphuis
20%
Netherlands Berry Van Peer
0%
England Matthew Edgar
0%
No matching quizzes found
Score Distribution
Percent of People with Each Score
Percentile by Number Answered
Your Score History
You have not taken this quiz since the last reset